000 00844nam a2200229 i 4500
001 bg
100 1 _aPAWLAK, Marek
245 1 0 _aDziałalność rady nadzorczej w spółce akcyjnej :
_bna przykładzie doświadczeń niemieckich /
_cMarek Pawlak ; Politechnika Lubelska.
260 _aLublin :
_bWydawnictwa Uczelniane PL,
_c1996.
300 _a214 s. :
_b1 wykr. ;
_c24 cm.
500 _aNa okł. nazwa przedmiotu : Organizacja i Zarządzanie.
504 _aBibliogr. s. 187-190.
650 9 _aRada nadzorcza
_zNiemcy (Republika Federalna)
_yod 1989 r.
650 9 _aSpółki akcyjne
_xorganizacja
_zNiemcy (Republika Federalna)
_yod 1989 r.
020 _a8386333294
040 _cBPK
041 0 _apl
080 _a658.114.012/.014(430)"1989/..."
920 _a83-86333-29-4
942 _cKS
008 s pl f |000 0 pol
999 _c31181
_d31181
856 _uhttp://koha.tu.koszalin.pl/cgi-bin/koha/opac-detail.pl?biblionumber=31181
_yKatalog online BPK